000 00669nam a2200205 a 4500
001 18188
003 CO-ViMGA
008 141112s2004 ck r 000 u spa d
020 _a9583800856
040 _aCO-ViMGA
_bspa
_cCO-ViMGA
082 0 4 _a342.86 G184s
100 1 _aGaviria Díaz, Carlos
_925882
245 1 0 _aSentencias :
_bHerejías constitucionales
260 _aBogotá,
_cFondo de cultura económica,
_c2002
300 _a453.p.
590 _aForma de adquisición : Premio - Mincultura
650 1 4 _aCOLOMBIA - DERECHO CONSTITUCIONAL - SENTENCIAS - 1993 - 2001
_925883
650 1 4 _aSENTENCIAS DE TUTELA - COLOMBIA - 1993 - 2001
_925884
942 _2ddc
_cBK
999 _c27550
_d27550